000 00324nam a22001457a 4500
008 210311b ||||| |||| 00| 0 eng d
020 _a 97803219227040
041 _aeng
080 _210th
_a611
082 _a611
100 _a7
101 _aANA
245 _aHuman Anatomy & Physiology
_cMarieb,E.N
942 _2udc
_cBK
999 _c56304
_d56304